ZAKOŃCZENIA CTM - Statystyki

Ogólne statystyki
  • Ten quiz został rozwiązany 4 razy
  • Średni wynik to 2 z 16
Statystyki odpowiedzi
Hint Extra Hint Odpowiedź % Poprawnych
GSPI GI CeO
67%
RBH CA CG
67%
RBH GI FM
33%
PBT CA PP
33%
GSPI IRO SBO
33%
PBT GI JB
0%
RBH PD LNE
0%
RBH IRO MBH
0%
RPE TB R
0%
PBT PD SSR
0%
RPE PD T4L
0%
RPE GI TCW
0%
RPE CA TK
0%
PBT CA TR
0%
GSPI CA TT
0%
GSPI PD VH
0%
Nie znaleziono quizów pasujących do podanych kryteriów
Rozkład punktacji
Procent ludzi z każdym wynikiem
Percentyl według liczby udzielonych odpowiedzi
Twoja historia wyników
Nie rozwiązałeś tego quizu